[Event "EU-ch 6th"]
[Site "Warsaw"]
[Date "2005.06.21"]
[Round "4"]
[White "Fedorov, Alexei"]
[Black "Cao, Sang"]
[Result "1/2-1/2"]
[WhiteElo "2602"]
[BlackElo "2488"]
[Annotator "Psakhis,L"]
[PlyCount "62"]
[EventDate "2005.06.18"]
[EventType "swiss"]
[EventRounds "13"]
[EventCountry "POL"]
[SourceTitle "CBM 108"]
[Source "ChessBase"]
[SourceDate "2005.09.26"]
[SourceVersion "1"]
[SourceVersionDate "2005.09.26"]
[SourceQuality "1"]

1. e4 e6 2. d4 d5 3. Nc3 Bb4 4. e5 c5 5. a3 Bxc3+ 6. bxc3 Ne7 7. Nf3 Bd7 8. h4
(8. dxc5 Ba4 (8... Ng6 9. Bd3 Nc6 10. Rb1 Ncxe5 11. Nxe5 Nxe5 12. Rxb7 Qc8 13.
Rb4 Qxc5 14. O-O Nxd3 15. cxd3 O-O 16. Qg4 f6 17. c4 a5 18. Be3 d4 19. Rb7 Rad8
20. Bd2 Rf7 21. f4 Qxa3 {0-1 Johannesson,J-Albrecht,R/corr ICCF Champions
League 2002/ICCF Telechess (57)}) (8... Qc7 9. Bd3 Ba4 (9... Na6 $5 10. Bxa6
bxa6 11. O-O Qxc5 12. a4 Qxc3 13. Ba3 Nf5 $13) 10. Rb1 Nec6 (10... Nd7 11. Rb4
Bc6 (11... Nxc5 $4 12. Rxa4 $16) 12. O-O {- 24/234} (12. Be3 $14) 12... Nxc5
13. Rg4 Ng6 14. Re1 Ne4 15. Nd4 h5 16. Bxe4 hxg4 17. Bxg6 fxg6 18. Nxe6 Qf7 19.
Qxg4 Rh5 20. Bg5 Qd7 21. Bf6 Kf7 {1-0 Minasian,A-Fomichenko,E/Krasnodar op
1998/ChessBase (33)}) 11. O-O Nd7 12. Be3 h6 {N} 13. Re1 $16 O-O-O (13... O-O
14. Qd2 Ndxe5 15. Nxe5 Nxe5 16. Bxh6 $1 $16) 14. Rb4 $5 (14. Qe2 $1 {/\ Rb4})
14... Nxb4 15. axb4 a6 16. Nd4 $1 Nb8 $6 17. b5 (17. Qa1 $2 Bc6 18. f4 g6 $1
19. Bf2 $5 (19. Rb1 Kd7 $1) (19. Qd1 $5 $16) 19... Rhg8 {1-0 Shirov,A-Polgar,Z/
Pardubice 1994/Inf 61/[Shirov,A] (33)}) 17... axb5 18. Bxb5 Bxb5 19. Nxb5 Qxe5
(19... Qa5 20. Qb1 $1 {/\ Qb2+-}) 20. Bd4 $1 Qg5 21. Na7+ Kd7 (21... Kc7 22.
Be5+ Kd7 23. Qb1 $18) 22. Qb1 $18) 9. Rb1 Nd7 10. Rxb7 Nxc5 11. Rb4 Qa5 12. Nd4
Rc8 13. Qh5 O-O 14. Be2 Ng6 15. O-O Ne4 16. c4 Rfd8 17. Bg4 Qa6 18. cxd5 Rxd5
19. Nxe6 Nf6 20. Qh3 Nxg4 21. Ng5 Bd7 22. e6 Bxe6 {1/2-1/2 Rechlis,G-Poulton,J/
FRA t-ch Drancy 1998/ChessBase (73)}) 8... Ba4 9. h5 h6 10. dxc5 (10. Rh4 c4 (
10... Qa5 11. Bd2 c4 12. Rg4 Nf5 13. Nh4 Nxh4 14. Rxh4 Nd7 15. Rg4 Ke7 16. Rxg7
Rag8 17. Rxg8 Rxg8 18. Qb1 Bc6 19. Qb4+ Qxb4 20. axb4 a6 21. Bxh6 Rh8 22. Bg5+
Ke8 23. g4 f6 24. exf6 Kf7 25. f4 Nxf6 26. Bxf6 Kxf6 27. Be2 Bd7 28. Kf2 Rg8
29. Ke3 Kf7 30. g5 Kg7 31. Bf3 Rf8 32. h6+ Kg6 33. Ra5 Be8 34. Bg4 Bf7 35. Rc5
{1-0 Jenni,F-Berry,F/Dos Hermanas qual 2004/ChessBase}) 11. Rg4 Nf5 12. Rf4 Nc6
13. g4 Nfe7 14. Bd2 g5 15. hxg6 Nxg6 16. Rf6 Nce7 17. Ng1 Ng8 18. Rf3 Qe7 19.
Qb1 O-O-O 20. Qb4 Bxc2 21. Qxe7 N6xe7 22. Rxf7 Bg6 23. Rf3 h5 {0-1 Becerra,
J-Garcia,G/Cuba simul 1998/ChessBase (51)}) (10. Bd3 c4 (10... Nd7 11. Rh3 Qc7
12. Kf1 O-O-O 13. Bf4 Kb8 14. Qd2 Rc8 15. Rg3 c4 16. Be2 Nf5 17. Rh3 Qd8 18. g4
Ne7 19. Nh4 Ka8 20. Be3 Qg8 21. f4 g6 22. hxg6 fxg6 {0-1 Morovic Fernandez,
I-Nikolic,P/Wijk-A 1994/ChessBase (59)}) 11. Be2 Kd7 (11... Nbc6 12. O-O Kd7
13. Nh4 Qg8 14. f4 Qh7 15. f5 Kc7 16. Bg4 Raf8 17. Ra2 Nd8 18. Qe1 Kb8 19. Bh3
Ka8 20. Rf2 Bd7 21. f6 Nc8 22. a4 a5 23. fxg7 Qxg7 24. Rf6 Nb6 25. Nf3 Nxa4 26.
Nh2 Rh7 27. Ng4 Rfh8 28. Rf4 Bc6 29. Nf6 b5 30. Rg4 Qf8 31. Ba3 {1-0 Alekseev,
E-Kniest,O/Santo Domingo op 2003/}) 12. Bf4 {N} (12. Nh4 g5) 12... Qg8 (12...
Nbc6) (12... Na6) 13. g3 (13. Qb1 $5 b5 $8 14. Qb4 Nc8 15. O-O a5 16. Qb2 Qh7
17. Bd1 Nc6 $14) 13... Qh7 14. Ra2 Kc7 15. Nh2 Nd7 16. Ng4 Rae8 (16... Raf8 $2
17. Nf6 $1 $18) 17. O-O (17. Nf6 $2 gxf6 18. exf6+ e5 19. dxe5 Nc6 20. e6+ Nde5
$17) 17... Kc8 18. Rb2 Nc6 (18... Rhf8 $5 19. Qb1 $140 Bc6 {/\ Nf5}) 19. Qb1 b6
20. Bf3 Rhf8 21. Re1 $14 Kb7 22. Kg2 a6 {0-1 Beshukov,S-Shulman,Y/Gausdal 1994
(38)} (22... f5 23. Ne3 $16 {/\ 24. Nc4 dc4 25. Rb4}) (22... f6 $5)) (10. Rb1
Qc7 11. Bd3 c4 12. Be2 Nbc6 13. Bf4 O-O-O 14. Qd2 Kb8 15. Nh2 Nc8 16. Ng4 a6
17. Rh3 N8a7 18. Rg3 Nb5 19. Ne3 Rh7 20. Ra1 Ne7 21. Nd1 Qa5 22. Rh3 Rc8 23.
Kf1 Ka8 {1-0 Klovans,J-Topolewski,D/Sauerland Stern Hotel op 2001/EXT 2002 (51)
}) 10... Qa5 (10... Nd7 11. Rh4 Bc6 12. Rg4 Kf8 13. Be3 Qa5 14. Qd4 Qc7 15. Bd3
b6 16. cxb6 axb6 17. Qf4 Nc5 18. Nd4 Bd7 19. Bd2 Nc6 20. Nxc6 Bxc6 21. Qg3 Ra4
22. Rb4 Ne4 23. Bxe4 dxe4 24. Be3 b5 25. Rxa4 {Roser,K-Bohnenblust,S/Besancon
2001/FRA/1-0 (40)}) 11. Rh4 Nd7 (11... Qxc3+ $4 12. Bd2 Qxc2 13. Rxa4 Qxc5 14.
Rc1 Qb6 15. Rb4 Qd8 16. Rxb7 O-O 17. Nd4 {1-0 Hjartarson,J-Andrews,T/Las Vegas
1997/ChessBase}) 12. Rb4 $146 (12. Bd2 Bc6 (12... Nxc5 13. c4 Qd8 14. cxd5 Qxd5
15. Be3 Ne4 16. Qxd5 exd5 17. Nd4 {Urosevic,G-Zlatanovic,B/Yugoslavia 1996] 
(17)}) 13. Rg4 Qc7 14. Rxg7 Nf5 15. Rg4 Nxe5 16. Bf4 Nxf3+ 17. Qxf3 Qe7 18. Bd3
Qxc5 19. Kf1 O-O-O 20. Be5 d4 21. Qf4 Qxc3 22. Rb1 f6 {0-1 Royset,J-Walseth,T/
Harstad op 1997/Nordic (36)}) 12... Bc6 (12... Nc6 $142 $5 13. Be3 $5 (13. Bd2
Ndxe5 14. Nxe5 Nxe5 15. c4 d4 $13) 13... O-O (13... Ndxe5 $4 14. Nxe5 Nxe5 15.
Qd4 $18 {[%cal Rb4a4,Rd4e5]}) 14. Qd2 $5 {[%cal Ob4b7,Ge3h6]} (14. Bd4 a6 $132
{[%cal Cb4b7,Ga4b5]} (14... Nxb4 $2 15. axb4 $18)) 14... Ndxe5 $140 15. Nxe5
Nxe5 16. Qd4 Nc6 17. Rxa4 Nxd4 18. Rxa5 Nxc2+ 19. Kd2 Nxa1 20. Rb5 $16 {
[%csl Ra1]}) 13. Bd3 (13. Nd4 Qc7 14. Bf4 O-O 15. Qg4 Kh8 $132) 13... Qxc5 (
13... Nxc5 $5 {[%cal Gc5e4]}) 14. Be3 Qa5 (14... Qxc3+ $6 15. Kf1 {[%cal Cd5d4,
Cd4e3,Re3d4]} d4 16. Bxd4 Bxf3 17. Qxf3 $16 {[%csl Gd3,Gd4]}) 15. Kf1 d4 {
Black doesn't want to stay passively and tries to get some counterplay on the
k-side.} (15... O-O 16. Bxh6 $5 d4 (16... gxh6 17. Rg4+ Kh8 18. Qd2 Ng8 19.
Rxg8+ $1 Kxg8 20. Qxh6 f5 21. Qg6+ Kh8 22. Ng5 $18) 17. Rxd4 (17. cxd4 gxh6 18.
Qd2 Nf5 19. Bxf5 exf5 20. Qxh6 Bxf3 21. gxf3 Qd5 22. Ke2 $16 {[%cal Ra1g1]})
17... gxh6 18. Rg4+ Ng6 19. hxg6 Nxe5 20. Nxe5 Qxe5 21. Qd2 $16) (15... Nc5 $5
{[%cal Gc5e4]}) 16. cxd4 Nd5 17. Rb3 Nxe3+ 18. fxe3 O-O 19. Qe1 Qc7 20. Qg3 (
20. Kg1 $5 f6 21. Qg3 fxe5 $140 22. Qg6 $16) 20... Nf6 (20... Bd5 $5 21. Rbb1
f5 {[%cal Gd7f6,Gc7g3]}) 21. Qh4 (21. Kg1 $5 Nxh5 $140 22. Qg4 g6 23. Rf1 $16 {
[%csl Gd3,Gf1,Gf3,Gg4,Rg8]}) (21. c4 Be4 22. Be2 $16) 21... Nd5 {It becomes
clear that Black's temporary initiative does not compensate White's extra pawn.
} 22. e4 {White gets a strong central pawn that secures him an initiative in
the middle game.} Ne7 23. Kg1 f5 24. exf6 Rxf6 25. Rf1 $18 Raf8 26. Rbb1 $6 {
Giving up the major part of the advantage.} (26. Qg4 $5 Bd7 27. Ne5 Rxf1+ 28.
Bxf1 Qd6 (28... Nc6 29. Rg3 $1) 29. c3 $18) 26... Qa5 27. Qh3 (27. Bc4 Qxa3 28.
e5 Rxf3 (28... Rf4 $1 29. Bxe6+ Kh7 30. Rb3 $1 Rxh4 31. Rxa3 Bxf3 32. Rfxf3
Rxf3 33. gxf3 Rxd4 34. Rxa7 Nc6 35. Rxb7 Nxe5 36. Kf2 $18 {[%csl Rh7][%cal
Gf2e3]}) 29. Bxe6+ Kh7 30. gxf3 Qe3+ 31. Kh2 Rxf3 (31... Nf5 32. Rbe1 Qd2+ 33.
Qf2 Qf4+ $132)) 27... Qxa3 28. e5 {It seems that Fedorov underestimated
Black's reply.} Rf5 $5 {An important resource which allows Black to avoid
difficulties.} 29. Bxf5 (29. Kh2 $5 Bd5 30. Nd2 $1 Rxf1 $140 31. Bh7+ Kxh7 32.
Qxa3 R1f2 33. Qd3+ Nf5 34. Rg1 b5 35. Kh3 $14) 29... Nxf5 30. Qg4 (30. Rb3 Qa4
31. Qg4 Bd5 $14) 30... Qe3+ 31. Rf2 Be4 {Black's initiative becomes more and
more unpleasant. Fedorov has won an exchange, but his pieces lack good
coordination. So the players signed the peace agreement, but possibly after} (
31... Be4 32. Rb3 Qc1+ 33. Kh2 Bd5 34. Rc3 Qb2 35. Rd3 Bc4 $14 {White's
chances are still better.}) 1/2-1/2

[Event "UKR-ch KO 74th"]
[Site "Rivne"]
[Date "2005.09.01"]
[Round "5.1"]
[White "Areshchenko, Alexander"]
[Black "Efimenko, Zahar"]
[Result "1-0"]
[WhiteElo "2625"]
[BlackElo "2643"]
[Annotator "Psakhis,L"]
[PlyCount "93"]
[EventDate "2005.08.24"]
[EventType "k.o."]
[EventRounds "5"]
[EventCountry "UKR"]
[SourceTitle "CBM 109"]
[Source "ChessBase"]
[SourceDate "2005.11.14"]
[SourceVersion "1"]
[SourceVersionDate "2005.11.14"]
[SourceQuality "1"]

1. e4 e6 2. d4 d5 3. Nc3 Bb4 4. e5 Ne7 5. a3 Bxc3+ 6. bxc3 c5 7. Qg4 O-O 8. Bd3
Nbc6 9. Qh5 Ng6 10. Nf3 Qc7 11. Be3 c4 ({Sometimes Black tried also} 11... Nce7
{with the possible continuation} 12. h4 $5 Bd7 13. Qg4 f5 14. Qh3 f4 15. Bd2
Nf5 16. O-O c4 17. Be2 Ba4 18. Ra2 {[%csl Rf4] 1-0 Nataf,I-Pelletier,Y/Cap
d'Agde Gp B 2002/ (85)}) 12. Bxg6 fxg6 13. Qg4 Qf7 (13... Bd7 $5 {for example}
14. h4 Rf5 15. Ng5 Raf8 16. Qe2 h6 17. Nh3 Qd8 18. g3 b5 19. Qd2 Qe7 20. Ke2 a5
21. Rh2 Rb8 22. g4 Rff8 23. Nf4 Be8 24. h5 g5 25. Nh3 b4 $36 {0-1 David,
A-Enders,P/BL9900 2000 (34)}) 14. Ng5 Qe8 (14... Qf5 15. Qe2 Rd8 (15... Nxe5 $2
16. dxe5 Qxe5 17. Qd2 Bd7 18. O-O h6 19. f4 Qd6 20. Nf3 Rf5 21. Rae1 Raf8 22.
Nh4 R5f6 23. Bd4 Rxf4 24. Rxf4 Qxf4 25. Qxf4 Rxf4 26. Nxg6 $18 {1-0 Kasparov,
G-Short,N/Munich Intel Express 1994 (35)}) 16. g4 Qf8 17. f4 h6 18. Nf3 Bd7 19.
a4 Rdb8 20. O-O b5 21. axb5 Rxb5 22. Bc1 $14 {1/2-1/2 Arakhamia,K-Peng/Tilgurg
ct w(7) 1994 (37)}) 15. h4 h6 (15... Ne7 16. Qe2 Nf5 17. g4 $146 {A quite
natural and strong move} Nxe3 18. Qxe3 h6 19. Nh3 Qe7 20. Qg3 Bd7 21. f4 {
White slowly but surely improves his position and Black can't organise any
counterplay.} Be8 22. Kd2 b5 23. f5 $1 {A nice breakthrough!} gxf5 (23... exf5
24. g5 $1) 24. g5 $1 {1-0 Nijboer,F-Harikrishna,P/Wijk aan Zee-B 2001/CBM 81/
[Psakhis] (33)}) 16. Nh3 b5 (16... Ne7 17. Qe2 (17. Nf4 Bd7 (17... Rf5 18. Qe2
Bd7 19. g4 Rf7 20. h5 g5 21. Nh3 b5 22. f4 gxf4 23. Nxf4 a5 24. O-O b4 25. cxb4
c3 26. Qe1 Bb5 27. Rf2 Qc6 28. a4 Bxa4 29. bxa5 Bb5 30. Ra3 Rc8 31. Qa1 Ba6 32.
Rb3 Qc4 33. Qe1 Rc6 34. Rb8+ Kh7 35. g5 hxg5 36. Nh3 {1-0 Neelotpal,D (2468)
-Pap,G (2371)/Budapest-04 GM 2005/}) 18. Rh3 Rf5 19. Ne2 Ba4 20. Kd2 h5 21. Qg3
Rf8 22. Nf4 a5 23. Qf3 Qf7 24. g4 g5 25. hxg5 Ng6 26. gxh5 Nxf4 27. Rh4 Ng6 28.
Qxf7+ Kxf7 29. hxg6+ Kxg6 30. Rb1 {1/2-1/2 Cranbourne,C (2465)-Atakisi,F (2490)
/corr World-ch 1999/ICCF tele 1/2002}) 17... b5 (17... Bd7 18. g4 b5 19. h5 a5
20. g5 $1 Rf5 21. gxh6 Rxh5 22. Kd2 gxh6 23. Rag1 $36 {with a strong attack
Lutz,C-Jussupow,A /Essen-A  2002 /CBM 90/[Psakhis] (41)}) 18. g4 a5 19. h5 g5 (
19... gxh5 20. g5 $5 (20. gxh5 $13 {is also worth considering}) 20... hxg5 $8
21. Nxg5 g6 22. Nh3 $1 ({Weaker is} 22. Kd2 $6 Rf5 (22... Nf5 $5) 23. Rag1 b4
24. Rxh5 $5 {Looks great for White, but his opponent has good a defence.} (24.
axb4 axb4 25. cxb4 c3+ 26. Kxc3 Ra2 $40) 24... bxc3+ 25. Kd1 gxh5 $8 {The only
move.} 26. Ne4+ $1 (26. Nxe6+ Kf7 27. Nc7 Qc6 28. Nxa8 Qxa8 29. Bg5 Qc6 $19 {
loses without any fight.}) 26... Kh7 $8 (26... Kh8 27. Nd6 Qf8 28. Bg5 $18 {
[%cal Re2h5]}) 27. Nd6 Qf8 28. Nxf5 ({In case of} 28. Rh1 Rb8 $1 {[%csl Rd1]}
29. Nxf5 Rb1+ 30. Bc1 Rxc1+ $1 31. Kxc1 Nxf5 32. Rxh5+ Nh6 $17 {Black is very
close tp victory}) 28... Qxf5 29. Rg5 Qf7 $8 30. Rxh5+ Kg8 {1/2-1/2 Stellwagen,
D (2426)-Dgebuadze,A (2537)/Groningen Harmonie 2002/CBM 93/[Psakhis] (36)})
22... Nf5 23. Bg5 {[%cal Gh3f4,Gg5f6,Gh1g1] with great compensation for the
pawn}) 20. f4 gxf4 21. Nxf4 Bd7 22. Qg2 $146 (22. Kd2 b4 23. axb4 axb4 24. cxb4
c3+ 25. Kxc3 Bb5 26. Qd2 Rxa1 27. Rxa1 Nc8 28. Kb2 Nb6 29. Kb1 Nc4 30. Qe1 Nxe3
31. Qxe3 Qe7 32. Ra3 Qxb4+ 33. Rb3 Qa5 34. Kc1 Bc4 35. Rb7 Qa1+ 36. Rb1 Qa6
$132 {Luther,T-Rychagov,A/GRE t-ch 2001 0-1 (57)}) (22. Rg1 {[%csl Rg8][%cal
Rg4g5]}) 22... b4 23. Ke2 $6 (23. g5 $5 Kh7 $5 24. gxh6 gxh6 25. Ng6 Rg8 $132)
23... bxc3 24. g5 {White completely ignores his queenside and continues his
kingside actions!} Kh7 $1 25. Ng6 (25. gxh6 gxh6 26. Rag1 Nf5 (26... Rf7 $2 27.
Qg6+ $3 Nxg6 28. hxg6+ Kg8 29. gxf7+ Kxf7 30. Rxh6 $18) 27. Qg6+ Kh8 $15) 25...
Rg8 (25... Nxg6 26. gxh6 $1 Nf4+ $8 (26... gxh6 27. hxg6+ Qxg6 28. Qxg6+ Kxg6
29. Rxh6+ Kf7 30. Rf1+ $18) 27. Bxf4 gxh6 28. Qg6+ Qxg6 29. hxg6+ Kxg6 30. Bxh6
$40 {[%csl Rg6]}) 26. Nxe7 (26. gxh6 gxh6 27. Qh3 $5) 26... Qxe7 27. Rag1 Ba4
$1 {[%csl Rc2] 0-1 Adamson,R (2373)-Abrahamyan,T (2238)/USA-ch San Diego 2004/
CBM 105/[Psakhis] (45)}) (16... Qf7 17. Nf4 (17. h5 Ne7 18. Kd2 gxh5 19. Qe2
Nf5 20. Nf4 h4 21. Qg4 {1/2-1/2 Goloshchapov,A-Harikrishna,P/Calcutta
Goodricke op 2000/ (21)}) 17... Ne7 18. Qe2 (18. Rh3 $5 Qf5 19. Qe2 Bd7 20. g4
Qf7 21. Kd2 a5 22. h5 b5 23. g5 b4 24. gxh6 Qf5 25. hxg7 Rfb8 26. hxg6 Ba4 27.
Rh8+ Kxg7 28. Rh7+ $18 {1-0 Solozhenkin,E-Apicella,M/St.Petersburg-Paris 1996 
(31)}) (18. Rb1 b6 19. Rh3 Bd7 20. Qe2 Kh7 21. g4 Qe8 22. h5 g5 23. Ng2 Rf7 24.
f4 gxf4 25. Nxf4 Qf8 26. Qh2 Ng8 27. Ra1 Ne7 28. Kd2 b5 29. Rg1 $16 {1-0 Milu,
R-Popescu,C/ROM t-ch 1994 (33)}) 18... Bd7 19. g4 Ba4 20. Rh3 a5 21. Kf1 (21.
h5 g5 22. Ng2 {[%cal Gf2f4]} b5 23. f4 gxf4 24. Nxf4 b4 25. Kd2 $2 {A strange
move!} (25. axb4 axb4 26. cxb4 Nc6 27. c3 $13 {was more natural and stronger})
25... bxc3+ 26. Kxc3 {[%csl Rc3]} Rab8 {0-1 Szabo,G (2399)-Apicella,M (2509)/
Bucharest Ciocaltea mem 2000/CBM 77/[Psakhis,L] (33)}) 21... Ra6 22. Rb1 Bc6
23. Kg1 b5 24. h5 Be8 25. Rf1 Rb6 26. hxg6 Nxg6 27. Nh5 Ne7 28. Qd2 Qg6 29. f3
$36 {1-0 Tischbierek,R (2522)-Naumkin,I (2406)/Porto San Giorgo op 2003/}) 17.
Qe2 (17. h5 gxh5 18. Qe2 Bd7 (18... a5 19. Nf4 g6 20. g4 Ne7 21. Ng2 Kh7 22.
Qd2 Ng8 23. Nf4 hxg4 24. Ke2 g5 25. Nh5 Qf7 26. f4 gxf4 27. Bxf4 Qg6 28. Raf1
g3 29. Nxg3 Qg4+ 30. Ke1 Ra7 31. Ne2 Raf7 32. Qe3 Qg6 33. Rfg1 {1-0 Svidler,
P-Bareev,E/Elista 1997/CBM 59/[Svidler] (33)}) 19. Nf4 Rxf4 20. Bxf4 Qf7 21.
Be3 Be8 22. g4 hxg4 23. Qxg4 Qg6 24. Qh3 Ne7 25. Kd2 Qf5 26. Qh4 Bg6 {1/2-1/2
Sokolov,A (2580)-Apicella,M (2530)/Saint Chely d'Aubrac op 2004/ChessBase (38)}
) (17. Nf4 Ne7 18. Kd2 (18. O-O Bd7 19. Rab1 Qf7 20. h5 gxh5 21. Nxh5 Kh7 22.
f4 Nf5 23. Bc1 Be8 24. Ng3 Nxg3 25. Qxg3 Qd7 26. Be3 Bg6 {1/2-1/2 Firnhaber,
I-Kitson,K/corr 2001/IXM (37)}) (18. Rh3 Rf5 19. Qe2 a5 20. g4 Rf7 21. Qd2 Bd7
22. h5 g5 23. Ng2 b4 24. axb4 axb4 25. Rxa8 Qxa8 26. cxb4 Qa1+ 27. Qc1 Qc3+ 28.
Qd2 Qa1+ 29. Qc1 Qc3+ 30. Qd2 Qa1+ {1/2-1/2 Davila,M-Halldorsson,J/corr 1998 
(30)}) 18... a5 19. Qh3 Bd7 20. Rab1 Qf7 21. f3 Rab8 $13 22. Ne2 Nc6 {It looks
for me that Black has solved all his opening problems.} 23. Rb2 b4 {1/2-1/2
Anand,V (2755)-Jussupow,A (2622)/Corsica Masters 2002/CBM 92/[Psakhis] (53)} ({
Worth considering} 23... Qe7 $5 {[%cal Gb5b4]})) 17... Bd7 18. g4 a5 19. h5 {
Beyond any doubt this move is the most crucial for the evaluation of the whole
variation.} (19. Nf4 $6 $146 {[%cal Gh4h5]} Ne7 (19... b4 $5 20. h5 (20. axb4
axb4 21. Rxa8 Qxa8 22. O-O bxc3 23. Nxg6 Rb8 $132) 20... g5 21. Ng6 Rf7 22. f4
$5 $13) 20. h5 (20. Kd2 $5) 20... g5 21. Nh3 b4 $1 {Black has a more obvious
way of developing the initiative on the queenside.} 22. f4 (22. axb4 axb4 23.
Rxa8 Qxa8 24. cxb4 Nc6 $44 (24... Qa1+ 25. Qd1 Qa3 26. O-O Qxb4 27. Qa1 Qa4 28.
Qc3 Ra8 29. Rb1 Nc6 30. Kg2 Qa3 31. Qxa3 Rxa3 32. Rb7 Be8 {1/2-1/2 Balogh,C 
(2356)-Almasi,I (2420)/Budapest-4 GM 2000/(42)})) 22... gxf4 23. Bxf4 bxc3 (
23... b3 $5 {[%csl Gb3]}) 24. Qe3 Ba4 25. Qxc3 Rb8 {0-1 Lahno,K-Smeets,J/Wijk
aan Zee-C 2004/CBM 99/[Psakhis] (36)}) 19... gxh5 20. g5 (20. Rg1 Ne7 21. gxh5
(21. g5 $5) 21... Kh7 22. Qg4 Nf5 23. Kd2 Qe7 24. Qg6+ Kh8 (24... Kg8 25. Bxh6
Be8 26. Qg5 Qxg5+ 27. Bxg5 Bxh5 28. Nf4) 25. Nf4 Nh4 ({RR} 25... Kg8 26. Qg4
Be8) 26. Qg4 Rxf4 {'!' Psakhis.} 27. Bxf4 Rf8 28. Rh1 Nf5 {Leko,P-Almasi,Z/
Budapest 2003/CBM 95/[Psakhis]/1/2-1/2 (52)}) 20... hxg5 21. Nxg5 g6 22. Qf1 (
22. Kd2 b4 23. Rag1 bxc3+ 24. Kd1 Rf5 25. Rxh5 gxh5 26. Ne4+ Kh8 $132 {0-1 Van
den Doel,E-Psakhis,L/Bled Olympiad 2002/CBM 92 (33)} 27. Nd6 Qg8 {0-1 Van den
Doel,E-Psakhis,L/Bled Olympiad 2002/ (33)}) ({RR} 22. O-O-O Qe7 23. Rdg1 Rf5 (
23... Qxa3+ 24. Kd2 Rf5 $1 (24... b4 $2 25. Ne4 $1 dxe4 (25... Rf5 $5 $146 26.
Rxg6+ Kf7 (26... Kf8 27. Rxh5 dxe4 28. Rxf5+ exf5 29. Qh5 Qxc3+ 30. Kd1 Qa1+
31. Ke2) 27. Nd6+ $1 Kxg6 28. Nxf5 $1 (28. Rg1+ $2 Kh7 29. Nxf5 Be8 $1) 28...
Rh8 $2 (28... Qxc3+ 29. Kd1 Qa1+ 30. Bc1 Rh8 31. Qe3 $1 exf5 32. Qg5+ Kf7 33.
Qf6+ Ke8 34. Qxh8+ Ke7 35. Qf6+ Ke8 36. e6 Qxd4+ 37. Qxd4 Nxd4 38. exd7+ Kxd7
39. Rh4 Nb5 40. Rxh5) 29. Rg1+ {1-0 Smikovski,I (2498)-Rodshtein,M /Moscow
2005/} (29. Rg1+ Kf7 30. Nd6+ Ke7 31. Bg5+ Kf8 32. Qf3+)) 26. Qxh5 Rxf2+ 27.
Bxf2 Qxc3+ 28. Kd1 Qf3+ 29. Qxf3 exf3 30. Rxg6+ Kf7 31. Rf6+ Ke7 32. Rh7+ {
1-0 Bacrot,E-Vaisser,A/FRA-ch Aix les Bains 2003/CBM 97/[Psakhis] (32)}) 25.
Nf3 b4 $132) 24. Nf3 Be8 25. Nh4 Qxa3+ 26. Kd2 b4 27. Nxf5 Qxc3+ 28. Kd1 Qa1+
29. Bc1 exf5 30. Qxh5 Qxd4+ 31. Bd2 Qa1+ 32. Bc1 Qd4+ 33. Bd2 Qa1+ {1/2-1/2
Philippe,C (2411)-Apicella,M (2553)/Paris-ch 2005/ (33)}) 22... Ra7 $146 {
Only this move turns out to be a novelty.} (22... Rf5 23. Qg2 Ne7 (23... b4 24.
Ke2 bxc3 25. Rag1 Rb8 26. Rxh5 Rb2 27. Qh3) 24. Ke2 Kh8 25. Nf3 Qf7 26. Nh4 Rf8
27. Raf1 Kh7 28. Bg5 Nc6 {Karjakin,S (2560)-Papa,S (2372)/Biel (open) 2003/}) (
22... b4 23. Qg2 b3 24. Kd2 Rb8 25. Rxh5 gxh5 26. Nf7+ Kxf7 27. Rg1) (22... Ne7
23. Qg2 Nf5 24. Nh3 (24. Ke2 Ng7 25. Nf3 Rxf3 26. Qxf3 Qf7 27. Qg2 Qf5 28. Kd2
Rf8 29. Rh4 g5 30. Qxg5 Qxg5 31. Bxg5 Rxf2+ {0-1 Sulypa,A (2484)-Apicella,M 
(2543)/Bois Colombes BC Masters 2004/(48)}) 24... Nh4 (24... b4 25. Nf4 Kh7 26.
axb4) 25. Qg3 Nf5 (25... Nf3+ 26. Ke2) 26. Qg5 Nxe3 27. fxe3 Qf7 28. Nf4 Qf5
29. Qxg6+ Qxg6 30. Nxg6 Rf7 31. Rxh5) 23. Qg2 Rf5 24. Nf3 $1 {[%cal Rf3h4]
White has managed to execute his opening plan in the most favourable
circumstances and Black has difficult problems to solve.} Qf7 (24... Rf7 25.
Rxh5 $1 (25. Qxg6+ Rg7 26. Qh6 Qg6 27. Qxg6 Rxg6 28. Rxh5 $16) (25. Bg5) 25...
Rxf3 26. Rh6 $1 Rxe3+ $8 27. fxe3 Ne7 28. Qh3 $18) 25. Nh4 Kh7 {[%cal Ch4f5,
Rh1h7]} (25... Be8 $5) 26. Ke2 $6 {This natural move is too slow and allows
Black to regroup his pieces.} (26. f3 $142 $5 Be8 $140 27. Nxf5 Qxf5 28. Rh4 {
[%cal Ca7f7,Cf5f3,Rh4f4]}) 26... Be8 27. Rh3 Qf8 28. Rg3 (28. Kd1 $5) 28... Rg7
(28... g5 $2 29. Bxg5) 29. Nxf5 Qxf5 (29... gxf5 $2 30. Rg1 Rxg3 31. Qxg3 $18)
30. Kd2 Ne7 (30... Rf7 31. Rg1) 31. Bg5 Qf7 32. Bf6 Rg8 33. Bxe7 (33. Rg1 Nf5
34. Rh3 Bc6 {[%csl Gf5]}) 33... Qxe7 34. Rf3 Rf8 (34... b4 35. axb4 axb4 36.
Rf6 $5) 35. Kc1 Kh6 36. Kb2 g5 (36... b4 37. Rxf8 Qxf8 38. axb4 axb4 39. Qg3 $5
) (36... Rxf3 $5 37. Qxf3 g5) 37. Rxf8 Qxf8 38. f4 g4 (38... Qxf4 39. Rf1 Qe4
$132 40. Qf2 $140 Bg6) 39. f5 $1 {This sacrifice destroys the seemingly safe
position of Black's K and gives White a strong attack.} (39. Qd2 Qf5 {[%cal
Ge8g6]}) 39... Qxf5 40. Rf1 Qe4 (40... Qg5 41. Rf6+ Bg6 42. Rxe6 h4 {[%csl Gg4,
Gh4]} (42... g3 $5)) 41. Qd2+ Kh7 42. Rf4 Qh1 $2 {Having achieved a bad
position from the opening Black has done everything he could but now he goes
astray. After} (42... Qg6 $8 43. Rf6 Qg7 44. Rxe6 Bd7 (44... g3 45. Rxe8 g2 46.
Qe2) 45. Rd6 $16 {Q Efimenko could continue resistance.}) 43. Rf8 $18 Bg6 (
43... Qe4 44. Qg5) 44. Qg5 Qe4 45. Qe7+ Kh6 46. Rh8+ Bh7 47. Qf8+ 1-0